Marketing v obchode s drahými kameňmi

Marketing v obchode s diamantami. Použitie značky v obchode s diamantami. Zverejňovanie cien diamantov. Obchodovanie s certifikovanými diamantami. Investičné diamanty. Výhody a nevýhody diamantovej investície. Vývoj diamantového trhu v posledných rokoch. Zákonný rámec obchodovania s diamantami. Slov...

Descrizione completa

Salvato in:
Dettagli Bibliografici
Autore principale: Bocanová, Mária
Natura: Capitolo di libro
Lingua:slovacco
Soggetti:
Tags: Aggiungi Tag
Nessun Tag, puoi essere il primo ad aggiungerne!!

MARC

LEADER 00000naa$a2200000$$$4500
001 0113132
005 20240523124743.3
041 0 |a slo 
044 |a SK 
245 1 0 |a Marketing v obchode s drahými kameňmi  |c Mária Bocanová 
520 |a Marketing v obchode s diamantami. Použitie značky v obchode s diamantami. Zverejňovanie cien diamantov. Obchodovanie s certifikovanými diamantami. Investičné diamanty. Výhody a nevýhody diamantovej investície. Vývoj diamantového trhu v posledných rokoch. Zákonný rámec obchodovania s diamantami. Slovenský gemologický inštitút. Kimberleyský proces. 
610 2 0 |a kovy drahé 
610 2 0 |a obchod 
610 2 0 |a Slovensko 
610 2 0 |a trh 
610 2 0 |a certifikáty 
610 2 0 |a investovanie 
610 2 0 |a kvalita 
610 2 0 |a značky kvality 
610 2 0 |a marketing mix 
100 1 |a Bocanová, Mária